Местная промышленность. 1974, Вып.2: Отделка щитовых деталей мебели бумажно-смоляными и бумажно-лаковыми покрытиями (Запись № 2812256)

Подробности
000 -МАРКЕР
контрольное поле 01508nam2a22002651 4500
001 - ИДЕНТИФИКАТОР ЗАПИСИ
контрольное поле RU\NLR\INFOCOMM16\1000075355
005 - ИДЕНТИФИКАТОР ВЕРСИИ
контрольное поле 20250617063801.0
035 ## - ДРУГИЕ СИСТЕМНЫЕ НОМЕРА
Идентификатор записи (NLR Aleph) 002526711
100 ## - ДАННЫЕ ОБЩЕЙ ОБРАБОТКИ
Данные общей обработки 20040422d1974 |||y0rusy50 ca
101 0# - ЯЗЫК РЕСУРСА
Язык текста, звукозаписи и т.д. русский
102 ## - СТРАНА ПУБЛИКАЦИИ ИЛИ ПРОИЗВОДСТВА
Страна публикации Российская Федерация
105 ## - ПОЛЕ КОДИРОВАННЫХ ДАННЫХ: ТЕКСТОВЫЕ МАТЕРИАЛЫ, МОНОГРАФИЧЕСКИЕ
Кодированные данные о монографическом текстовом документе y |||||||||
200 1# - ЗАГЛАВИЕ И СВЕДЕНИЯ ОБ ОТВЕТСТВЕННОСТИ
Основное заглавие Отделка щитовых деталей мебели бумажно-смоляными и бумажно-лаковыми покрытиями
Первые сведения об ответственности П.К. Стуков, А.Н. Отливанчик
210 ## - ПУБЛИКАЦИЯ, РАСПРОСТРАНЕНИЕ И ДР.
Дата издания, распространения и т.д. 1974
Место издания, распространения и т.д. Б. м.
461 #0 - УРОВЕНЬ НАБОРА
Встроенное поле 001RU\NLR\INFOCOMM16\1000075342
-- 2001#$aМестная промышленность$eОбзор. информ.$hСерия 4$iДеревообработка, производство мебели и школьно-письменных принадлежностей$fМ-во мест. пром-сти РСФСР. ЦБНТИ$v1974, Вып.2
Системный номер (АБИС) связанной записи 2812144
Место публикации М.
Дата публикации 1970-1990
Первые сведения об ответственности М-во мест. пром-сти РСФСР. ЦБНТИ
Номер части Серия 4
Заглавие части Деревообработка, производство мебели и школьно-письменных принадлежностей
Сведения, относящиеся к заглавию Обзор. информ.
Заглавие Местная промышленность
ISSN 0135-6542
Номер тома 1974, Вып.2
700 #1 - ИМЯ ЛИЦА - ПЕРВИЧНАЯ ОТВЕТСТВЕННОСТЬ
Начальный элемент ввода Стуков
Часть имени, кроме начального элемента ввода П.К.
Код отношения Автор
701 #1 - ИМЯ ЛИЦА - АЛЬТЕРНАТИВНАЯ ОТВЕТСТВЕННОСТЬ
Начальный элемент ввода Отливанчик
Часть имени, кроме начального элемента ввода А.Н.
Код отношения Автор
801 #1 - ИСТОЧНИК ЗАПИСИ
Страна Российская Федерация
Организация InfoComm
Дата составления 20040422
801 #0 - ИСТОЧНИК ЗАПИСИ
Страна Российская Федерация
Организация NLR
Правила каталогизации PSBO
852 ## - МЕСТОНАХОЖДЕНИЕ И ШИФР ХРАНЕНИЯ
Идентификатор организации NLR
Шифр хранения (Call Number) П10/3852
942 ## - ДОПОЛНИТЕЛЬНЫЕ ЭЛЕМЕНТЫ ЗАПИСИ (АБИС)
Тип экземпляра АБИС Выпуск
980 ## - КОЛЛЕКЦИЯ
Название коллекции Национальная библиография
980 ## - КОЛЛЕКЦИЯ
Название коллекции Русская периодика

Нет доступных экземпляров.